| 000 | 01134nam a2200241Ia 4500 | ||
|---|---|---|---|
| 003 | Ost | ||
| 005 | 20260507075543.0 | ||
| 008 | 260507s9999||||xx |||||||||||||| ||und|| | ||
| 020 | _a×074529957 | ||
| 040 | _cfsecg | ||
| 041 | _aara | ||
| 082 | _a1.6 | ||
| 100 |
_aالنداف، عصام _eمؤلف |
||
| 245 | 0 |
_aاسترجاع نظم المعلومات / _c عصام النداف |
|
| 260 |
_aعمان: _bدار البداية ناشرون وموزعون, _c2006 |
||
| 300 |
_a254 صفحة؛ _bإيضاحات ؛ _c24 سم |
||
| 504 | _aبيبليوغرافيا: ص.254 | ||
| 520 | _aيضم أساسيات استرجاع المعلومات، التحليل الموضوعي، اللغة في الإسترجاع، البحث في مراصد البيانات، العوامل المؤثرة على الأداء في استرجاع المعلومات، الطرق الآلية لإسترجاع المعلومات | ||
| 653 | _aاختزان واسترجاع المعلومات | ||
| 653 | _aنظم المعلومات- المؤسسة الممتدة | ||
| 700 |
_aشقر، عامر _eمؤلف ثانوي |
||
| 942 | _cكتاب | ||
| 999 |
_c44878 _d44878 |
||